| 000 | 00415nam a22001457a 4500 | ||
|---|---|---|---|
| 005 | 20180531140051.0 | ||
| 020 | _c00 | ||
| 035 | _aB-24300, B-035150 | ||
| 037 |
_aDPL _bENG |
||
| 100 | _aDalal, Ramesh | ||
| 245 |
_aRajiv Gandhi's assassination : _bThe mystery unfolds / _cby Ramesh Dalal |
||
| 260 |
_aNew Delhi _bUBSPD _c2001 |
||
| 300 |
_avii, 334p. _c18 cms. |
||
| 942 |
_2ddc _cEN _h364.1524 _mDAL |
||
| 999 |
_c67969 _d67969 |
||